The Digital Transformation of Banking

Guardado en:
Detalles Bibliográficos
Autor principal: Sucubaşi, Bilal
Otros Autores: Bojadzievska Danevska, Andrijana, Dimitrieska, Savica
Formato: Libro
Lenguaje:inglés
Publicado: Abingdon Routledge 2026
Edición:1st Edition
Materias:
Etiquetas: Agregar Etiqueta
Sin Etiquetas, Sea el primero en etiquetar este registro!

MARC

LEADER 00000nam a2200000 4500
001 0312797
005 20251120140757.0
020 |a 9781040453339 
041 0 |a eng 
044 |a GB 
245 1 0 |a The Digital Transformation of Banking  |c Bilal Sucubaşi ... [et al.] 
250 |a 1st Edition 
264 1 |a Abingdon  |b Routledge  |c 2026 
300 |a 171 s. 
500 |a ProQuest e-books. 
610 2 0 |a bankovníctvo 
610 2 0 |a banky 
610 2 0 |a mena digitálna 
610 2 0 |a inteligencia umelá 
610 2 0 |a marketing 
610 2 0 |a riadenie rizík 
100 1 |a Sucubaşi, Bilal 
700 1 |a Bojadzievska Danevska, Andrijana 
700 1 |a Dimitrieska, Savica